000 00487nam a2200217Ia 4500
008 210210b1878 xxu||||| |||| 00| 0 eng d
041 _aeng
082 _a822/203
100 _aBUKE (Edmund)
245 _aSelected works Vol III: Payne Ed
260 _aOxford
_bAt the Clarendon Press
_c1878
440 _aIII
650 _aworks
650 _aVol
650 _aSelected
650 _aPayne
650 _aIII:
650 _aEd
690 _aEnglish Prose
906 _a012390
999 _c131186
_d131186